LEADER 00940cam1 22002653 450 001 SOB0000001633 005 20241230085639.0 100 $a20010208g00009999|||||ita|0103 ba 101 $aita 102 $aIT 200 1 $a<>sindacato$fCataldo Balducci, Umberto Carabelli 210 $aTorino$cUTET 215 $av.$d24 cm 225 2 $aDottrina di giurisprudenza di diritto del lavoro 410 1$1001LAEC00017509$12001 $a*Dottrina di giurisprudenza di diritto del lavoro 463 1$1001SOBE00081741$12000 $a<<1: L'>>organizzazione sindacale / di C. Balducci 463 1$1001SOBE00081742$12000 $a<<2: L'>>associazione sindacale / di U. Carabelli 700 1$aBalducci$b, Cataldo$3AF00009070$4070$0249855 702 1$aCarabelli, Umberto$3AF00019676$4070 801 0$aIT$bUNISOB$c20241230$gRICA 912 $aSOB0000001633 940 $aM 102 Monografia moderna SBN 941 $aM 996 $aSindacato$9615414 997 $aUNISOB